Premier League Golden Boot Runners Up Quiz Stats

 Plays Quiz not verified by Sporcle

Score 0/34 Timer 08:00
6 Plays Today
Team and Nationality Player Name % Correct
Tottenham Hotspur, EnglandHarry Kane
98.5%
Tottenham Hotspur, EnglandHarry Kane
98.5%
Manchester City, ArgentinaSergio Agüero
98.2%
Manchester City, ArgentinaSergio Agüero
98.2%
Liverpool, UruguayLuis Suárez
97.8%
Leicester City, EnglandJamie Vardy
97.8%
Manchester United, EnglandWayne Rooney
97.4%
Manchester United, EnglandWayne Rooney
97.4%
Everton, BelgiumRomelu Lukaku
97.3%
Arsenal, FranceThierry Henry
97.2%
Manchester United, PortugalCristiano Ronaldo
97.2%
Arsenal, NetherlandsRobin van Persie
96.9%
Liverpool, SpainFernando Torres
95.9%
Blackburn Rovers, EnglandAlan Shearer
95.8%
Newcastle United, EnglandAlan Shearer
95.8%
Newcastle United, EnglandAlan Shearer
95.8%
Newcastle United, EnglandAlan Shearer
95.8%
Team and Nationality Player Name % Correct
Manchester United, NetherlandsRuud van Nistelrooy
92.7%
Manchester United, NetherlandsRuud van Nistelrooy
92.7%
Arsenal, TogoEmmanuel Adebayor
92.1%
Liverpool, EnglandDaniel Sturridge
90.9%
Arsenal, NetherlandsDennis Bergkamp
87.3%
Liverpool, EnglandRobbie Fowler
84.6%
Liverpool, EnglandRobbie Fowler
84.6%
Arsenal, EnglandIan Wright
82.3%
Manchester United, EnglandAndy Cole
80.8%
Leeds United, NetherlandsJimmy Floyd Hasselbaink
75.8%
Chelsea, NetherlandsJimmy Floyd Hasselbaink
75.8%
Arsenal, FranceNicolas Anelka
65.2%
QPR, EnglandLes Ferdinand
65.1%
Blackburn Rovers, South AfricaBenni McCarthy
63.1%
Crystal Palace, EnglandAndy Johnson
60%
Ipswich Town, EnglandMarcus Stewart
35.4%
Blackburn Rovers, ScotlandKevin Gallacher
25.8%

You're not logged in!

Compare scores with friends on all Sporcle quizzes.
OR
Log In

Sporcle TV

Today on Sporcle TV


Watch our educational content, quiz creation guides, and fun videos on Sporcle TV.

Show Comments

Extras

Top Quizzes Today


Score Distribution

Your Account Isn't Verified!

In order to create a playlist on Sporcle, you need to verify the email address you used during registration. Go to your Sporcle Settings to finish the process.

Report this User

Report this user for behavior that violates our Community Guidelines.

Details: